| 000 | 00412nam a22001337a 4500 | ||
|---|---|---|---|
| 040 | _cNUST | ||
| 082 | _a200 THE | ||
| 100 |
_aMehr Dua, _9113226 |
||
| 110 | _aSupervisor Dr. Muhammad Usman Akram | ||
| 245 | _aTH-SOF-2156-Person Detection in Thermal Images using Deep Neural Networks | ||
| 260 |
_aISLAMABAD: _bNUST COLLEGE OF EME, _c2023. |
||
| 650 |
_aMS-COMPUTER ENGINEERING-2020 _9113227 |
||
| 942 |
_2ddc _cTHE |
||
| 999 |
_c594979 _d594979 |
||